|
|
|
|
| LEADER |
02401nam a2200373 a 4500 |
| 001 |
41658 |
| 003 |
BD-DhAAL |
| 005 |
20230820113208.0 |
| 008 |
230817t2008 enk b 001 0 eng |
| 010 |
|
|
|a 2007050211
|
| 020 |
|
|
|a 9780230013322 (alk. paper)
|
| 020 |
|
|
|a 0230013325 (alk. paper)
|
| 035 |
|
|
|a (OCoLC)ocn183926459
|
| 035 |
|
|
|a (OCoLC)183926459
|
| 040 |
|
|
|a DLC
|c DLC
|d DLC
|d BD-DhAAL
|
| 050 |
0 |
0 |
|a P53.464
|b .C36 2008
|
| 082 |
0 |
0 |
|a 418.0071
|2 22
|
| 245 |
0 |
0 |
|a Can schools save indigenous languages? :
|b policy and practice on four continents /
|c edited by Nancy H. Hornberger.
|
| 260 |
|
|
|a Basingstoke [England] ;
|a New York :
|b Palgrave Macmillan,
|c 2008.
|
| 300 |
|
|
|a xvi, 182 pages ;
|c 22 cm.
|
| 490 |
|
|
|a Palgrave studies in minority languages and communities
|
| 504 |
|
|
|a Includes bibliographical references and index.
|
| 505 |
0 |
|
|a Introduction: can schools save indigenous languages? Policy and practice on four continents / Nancy H. Hornberger -- 'Out on the fells, I feel like a Sámi': is there linguistic and cultural equality in the Sámi school? / Vuokko Hirvonen -- Top-down and bottom-up: counterpoised visions of bilingual intercultural education in Latin America / Luis Enrique López -- Māori-medium education: current issues and challenges / Stephen May and Richard Hill -- Learning with differences: strengthening Hñähñö and bilingual teaching in an elementary school in Mexico City / Nicanor Rebolledo Recendiz -- Revitalization through indigenous education: a forlorn hope? / Leena Huss -- Commentary from an African and international perspective / Nkonko M. Kamwangamalu -- Riding the tiger / Bernard Spolsky -- Schools as strategic tools for indigenous language revitalization: lessons from Native America / Teresa L. McCarty.
|
| 526 |
|
|
|a ENH
|
| 541 |
|
|
|a Trim education
|e 41658
|
| 650 |
|
0 |
|a Language and languages
|x Study and teaching.
|
| 650 |
|
0 |
|a Linguistic minorities
|x Education.
|9 55377
|
| 650 |
|
0 |
|a Language revival.
|9 55378
|
| 700 |
1 |
|
|a Hornberger, Nancy H.
|9 55379
|
| 830 |
|
|
|a Palgrave studies in minority languages and communities
|9 55380
|
| 852 |
|
|
|a Ayesha Abed Library
|c General Stacks
|
| 942 |
|
|
|2 ddc
|c BK
|
| 999 |
|
|
|c 46088
|d 46088
|
| 952 |
|
|
|0 0
|1 0
|2 ddc
|4 0
|6 418_007100000000000_CAN
|7 0
|9 74205
|a BRACUL
|b BRACUL
|c GEN
|d 2023-08-09
|e Trim education
|g 4080.00
|l 2
|m 8
|o 418.0071 CAN
|p 3010041658
|r 2025-06-25
|s 2024-11-06
|t 1
|v 4080.00
|w 2023-08-09
|y BK
|